| 000 | 00603nam a2200241Ia 4500 | ||
|---|---|---|---|
| 001 | 590 | ||
| 005 | 20240113233420.0 | ||
| 007 | ta | ||
| 008 | 050120s1973 a g b000 u eng u | ||
| 020 | _cHB | ||
| 040 | _aRef. stack | ||
| 041 | _aeng | ||
| 082 |
_a581.32 _bCo 83 Ev |
||
| 100 | _aCoulter, John Merle . | ||
| 245 | 0 |
_aEvolution of sex in plants / _cJohn Merle Coulter. _hTextual Documents |
|
| 250 | _a1st ed / | ||
| 260 |
_aJaipur : _bPrakesh publishers , _c1973. |
||
| 300 |
_a140p. : _bill ; _c18cm . |
||
| 653 | _aBotany | ||
| 942 |
_2ddc _cBK |
||
| 999 |
_c588 _d588 |
||